Central Library OPAC University of Rajshahi

Islamic attitude towards non-Muslims / (Record no. 27586)

MARC details
000 -LEADER
fixed length control field 00709nam a2200241 a 4500
001 - CONTROL NUMBER
control field 27586
003 - CONTROL NUMBER IDENTIFIER
rucl marc code BD-RjUL
005 - DATE AND TIME OF LATEST TRANSACTION
control field 20211209051156.0
008 - FIXED-LENGTH DATA ELEMENTS--GENERAL INFORMATION
fixed length control field 181021s1952 pk 00| 0 engmd
020 ## - INTERNATIONAL STANDARD BOOK NUMBER
Terms of availability : PRs. 1.50
035 ## - SYSTEM CONTROL NUMBER
System control number (BD-RjUL)27660
040 ## - CATALOGING SOURCE
Original cataloging agency DLC
Transcribing agency DLC
Modifying agency m.c.
-- BD-RjUL
Language of cataloging eng
041 ## - LANGUAGE CODE
Language code of text/sound track or separate title eng
082 ## - DEWEY DECIMAL CLASSIFICATION NUMBER
Classification number 297.28
Author mark and year HII 1952
Edition number 23
100 1# - MAIN ENTRY--PERSONAL NAME
Personal name Hilali, Shaikh Ghulam Maqsud
9 (RLIN) 223968
245 10 - TITLE STATEMENT
Title Islamic attitude towards non-Muslims /
Statement of responsibility, etc. by Shaikh Ghulam Maqsud Hilali
260 ## - PUBLICATION, DISTRIBUTION, ETC. (IMPRINT)
Place of publication, distribution, etc. Rajshahi :
Name of publisher, distributor, etc. Manindra Nath Mitra,
Date of publication, distribution, etc. 1952.
300 ## - PHYSICAL DESCRIPTION
Pagination [6], 55 p. ;
Size 22 cm.
650 ## - SUBJECT ADDED ENTRY--TOPICAL TERM
Topical term or geographic name as entry element Islamic law.
9 (RLIN) 223969
Topical term or geographic name as entry element Islam
9 (RLIN) 223970
Topical term or geographic name as entry element Interfaith relations
9 (RLIN) 223971
942 ## - ADDED ENTRY ELEMENTS (KOHA)
Source of classification or shelving scheme Dewey Decimal Classification
Koha item type Rare Books
Holdings
Lost status Source of classification or shelving scheme Damaged status Not for loan Collection code Permanent Location Current Location Shelving location Date acquired Total Checkouts Full call number Date last seen Copy number Koha item type
  Dewey Decimal Classification   Not For Loan Rare Books Central Library, University of Rajshahi Central Library, University of Rajshahi Rare Book Section 21/10/2018   RA 297.28 HII 1952 21/10/2018 C-1 Rare Books